000 00890nam a2200217 a 4500
003 0
005 20250320082533.0
008 060802s19uu xx 00 eng d
050 _aPGS LC 189.A94
_b.R457 2006
100 _aReyes, Deo Maxwell I.
245 _aThe awareness of lower school students on child labor issues in the Philippines /
_cDeo Maxwell I. Reyes.
260 _aLas Piñas City, Philippines :
_bSouthville International School and Colleges,
_c2006.
300 _a27 pages :
_billustrations ;
_c28 cm.
504 _aIncludes bibliographical references.
650 _aChild labor
_zPhilippines
_vPublic opinion.
650 _aChild labor
_zPhilippines
_vAwareness in education.
650 _aChildren’s rights
_zPhilippines
_vAwareness.
650 _aEducation
_vSocial aspects
_zPhilippines.
650 _aSocial justice education
_zPhilippines.
942 _2lcc
_cPASS
999 _c97543
_d97543